000
00331nam a22001457a 4500
003
SGT
020
_a
9788126726844
082
_a
920
_b
A16K
100
_a
KUMAR, SAILESH
245
_a
ABHINAV SANSKRIT KAVYASHASTRA NAMKAR KE NOTES
260
_b
RAJKAMAL PRAKASHAN
_c
2016
300
_a
135
650
_a
BIOGRAPHY
942
_2
ddc
_c
BK
999
_c
28286
_d
28286